3 highest rated clubs in there league from every country - Statistics

General Stats
  • This quiz has been taken 13 times
  • The average score is 22 of 36
Answer Stats
Hint Answer % Correct
england arsenal
100%
portugal benfica
100%
italy inter milan
100%
england liverpool
100%
england manchester city
100%
france paris saint-german
100%
portugal porto
100%
portugal sporting
100%
netherlands ajax
88%
spain barcelona
88%
germany bayern munich
88%
netherlands psv
88%
spain real madrid
88%
spain atletico madrid
75%
germany bayer leverkusen
75%
netherlands feyenoord
75%
france marseille
75%
france monaco
75%
italy napoli
75%
belgium club brugge
63%
turkey fenerbahce
63%
italy atalanta
50%
turkey galatasaray
50%
saudi arabia al nassr
38%
argentina boca juniors
38%
brazil flamengo
38%
germany frankfurt
38%
belgium genk
38%
saudi arabia al hilal
25%
belgium union saint gilloise
25%
saudi arabia al ittihad
13%
argentina argentinos juniors
13%
argentina club atletico rosario central
13%
brazil cruzeiro
13%
turkey samsunspor
13%
brazil bragantino
0%
No matching quizzes found
Score Distribution
Percent of People with Each Score
Percentile by Number Answered
Your Score History
You have not taken this quiz